| 000 | 004480000a22001810004500 | ||
|---|---|---|---|
| 003 | MACL | ||
| 005 | 20150916124537.0 | ||
| 008 | 150916b xxu||||| |||| 00| 0 eng d | ||
| 040 |
_aMACL _cMACL |
||
| 041 | _aEnglish | ||
| 082 | _a823/PAR | ||
| 100 |
_aParthasarathy, Indira _911522 |
||
| 245 |
_aWings in The Void _bTantra Bhoomi |
||
| 260 |
_bIndian Writing _c2007 _aChennai |
||
| 350 | _a200 | ||
| 650 |
_aFicition _911549 |
||
| 942 |
_cBK _k823 _2ddc |
||
| 999 |
_c8889 _d8889 |
||